[Event "Linares Anibal op 08th"]
[Site "Linares"]
[Date "2001.01.17"]
[Round "10"]
[White "Sargissian, Gabriel"]
[Black "Zvjaginsev, Vadim"]
[Result "0-1"]
[WhiteElo "2520"]
[BlackElo "2631"]
[Annotator "Golod,V"]
[PlyCount "116"]
[EventDate "2001.01.08"]
[EventType "swiss"]
[EventRounds "11"]
[EventCountry "ESP"]
[SourceTitle "CBM 081"]
[Source "ChessBase"]
[SourceDate "2001.03.20"]
[SourceVersion "1"]
[SourceVersionDate "2001.03.20"]
[SourceQuality "1"]

1. d4 e6 2. c4 Nf6 3. Nc3 Bb4 4. Qc2 c5 5. dxc5 O-O 6. a3 Bxc5 7. Nf3 b6 8. Bg5
(8. Bf4 $5 {-another mainline.}) 8... Bb7 9. e4 h6 10. Bh4 Be7 11. Be2 (11. Rd1
$5 Nh5 12. Bxe7 Qxe7 13. Qd2 $1 {See commented game: Shipov,S-Shneider,A/Port
Erin,1999/CBM 74 (1/2-1/2)(Golod,V)(24)}) 11... Nh5 (11... Na6 $6 12. b4 d5 13.
exd5 exd5 14. Rd1 Nc7 15. O-O $14 {1-0 Nogueiras,J-Sunye Neto,J/Linares MEX ,
EXT 1994 (36)}) (11... Nc6 12. Rd1 a6 13. O-O Qc7 14. b4 d6 15. h3 Rac8 16. Qd2
Rfd8 $132 {1-0 Gladyszew Oleg-Kasantsev A/It (cat.2), Budapest (Hungary) 1996/
(54)}) ({Not bad possibility is} 11... d6 $5 {[%cal Gb8d7,Ga7a6] and black
builds "Hedgehog" structure:} 12. Rd1 (12. O-O Nbd7 13. Nd4 (13. Rfd1 Qc7 14.
Nd4 a6 $132 {1-0 Grigore,G-Rogozenko,D/Iasi 1999/CBM 75/(63)}) 13... Rc8 14.
Rfd1 a6 {1/2-1/2 Petursson,M-Rechlis,G/Manila 1990/ (77)}) 12... Nbd7 13. O-O
Qc7 14. Rfe1 a6 $132 {1-0 Hoang Thanh Trang-Zhang Pengxiang/Budapest HUN 1999/
(38)}) 12. Bxe7 Qxe7 13. O-O (13. Qd2 Rd8 (13... Nf6 14. e5 Ne4 15. Nxe4 Bxe4
16. O-O Nc6 (16... Rd8 17. Rad1 Na6 18. b4 Nc7 19. Qf4 Bb7 20. Rd4 Ne8 21. Rfd1
$14 {1-0 Wiedenkeller,M-Astrom,G/Swedish tt ch 1995/ (42)}) 17. Qf4 Bxf3 18.
Bxf3 Qg5 19. Qxg5 hxg5 20. Rad1 $14 {1/2-1/2 Leitao,R-Janssen,R/Wijk aan Zee
NED 1999 (117)}) 14. Rd1 Nf6 15. e5 Ne8 16. Nb5 Nc6 17. O-O Rac8 18. Qf4 {
-see comments to the game 1/2-1/2 Seirawan,Y-Kveinys,A/Manila olm 1992/Inf 55/
[Seirawan,Y] (51)}) 13... Nf4 $5 $146 (13... Nc6 14. Rfe1 Rac8 15. b3 d6 16.
Bf1 $132 {1-0 James,D-Grant,J/4NCL,Kenilworth,1997 (63)}) 14. Rfd1 f5 {[%cal
Gb7g2] Looks dubious. First Black must complete developmant.} 15. Bf1 (15. e5
g5 16. Qd2 Qg7 $132 {[%csl Rg2][%cal Gf4g2,Gg5g4]}) 15... Nc6 (15... fxe4 16.
Nxe4 d5 17. Ned2 Qf6 18. Re1 $132) 16. g3 Ng6 17. Bg2 Nce5 18. Nxe5 Nxe5 {
[%cal Gf5f4]} 19. exf5 $1 (19. Qd2 Rad8 {[%csl Rc4]} 20. Qd4 (20. b3 fxe4 21.
Nxe4 d5 $17) 20... Qc5 21. Qxc5 bxc5 22. b3 f4 $132) 19... Bxg2 20. Kxg2 Rxf5 {
[%csl Rd7,Re6]} 21. Qe4 $14 (21. Ne4 Raf8 22. f4 $14) 21... Raf8 22. f4 Ng4 $5
(22... Nc6 23. b4 $14) 23. Qe2 h5 24. h3 ({Interesting was also} 24. Nb5 $14 {
[%csl Ra7][%cal Gb5d6]}) 24... Nf6 25. h4 $6 $132 {[%csl Rg4]} ({It was
necessary to play here} 25. Nb5 $1 {[%csl Ra7][%cal Gb5d6]} h4 $1 (25... d5 26.
Nd4 $18) (25... a6 26. Nd6 Rc5 27. Rd4 h4 28. b4 Rh5 29. g4 $16) 26. Nd6 Nh5 (
26... Rh5 27. g4 $16) 27. Nxf5 Rxf5 28. Rd4 Nxg3 29. Qd2 d5 30. Rd1 $14) 25...
Qc5 26. Nb5 {Too late.} Ng4 $1 {[%csl Rc4,Rd1,Rg2][%cal Gg4e3]} 27. Nd4 $6 $15
({Why not} 27. b4 $1 Qe3 (27... Qxc4 $6 28. Qxc4 Ne3+ 29. Kg1 Nxc4 30. Nxa7 $14
) (27... Qc6+ 28. Kg1 e5 29. Rd6 Qb7 30. Rd5 R5f6 $132) 28. Re1 Re5 $1 $11)
27... R5f7 28. b4 Qxc4 $1 {Now this move is very strong! Nd4 can't take on a7!}
29. Qxc4 Ne3+ 30. Kh3 Nxc4 31. Rac1 Ne3 32. Re1 Nd5 {White has certain
compensation for the P lack.} 33. Nb5 Ra8 (33... a6 34. Nd6 Rf6 $15) 34. Nc7 $6
$17 {[%mdl 4096]} (34. Nd6 $142 Rf6 35. Re5 (35. Kg2 a5 $15) 35... g6 $15)
34... Nxc7 35. Rxc7 Kf8 36. Rec1 Ke7 37. Rb7 Kd8 38. a4 Rc8 $1 {Unpleasant
surprise!} 39. Re1 ({White can't play} 39. Rxc8+ Kxc8 40. Rxa7 Kb8 41. Ra6 Kb7
{[%csl Ra6]} 42. b5 Rf5 43. Kg2 Rc5 44. Kf3 Rc3+ 45. Kf2 Ra3 $22 $19 {[%csl
Ra6][%cal Gd7d5]}) 39... Rc7 40. Rb8+ Ke7 41. Re5 Rf5 42. Rxf5 $6 {Without
pair of RR advantage realisation became very easy.} (42. Re4 $142 $17) 42...
exf5 $19 43. Kg2 Rc2+ 44. Kf3 Ra2 {[%csl Ra4,Rb4]} 45. Rg8 Kf7 46. Rd8 Ke6 47.
Re8+ Kd6 48. Rf8 Ra3+ $1 49. Kf2 $140 Rxa4 50. Rxf5 Rxb4 51. Rxh5 a5 {[%csl
Ga5,Gb6]} 52. Rh8 a4 53. Ra8 b5 54. Ra6+ Kd5 55. Kf3 Rb3+ 56. Kg4 a3 57. h5 b4
58. f5 Rb2 0-1

[Event "EU-ch 3rd"]
[Site "Batumi"]
[Date "2002.06.18"]
[Round "7"]
[White "Gurevich, Mikhail"]
[Black "Riazantsev, Alexander"]
[Result "1-0"]
[WhiteElo "2641"]
[BlackElo "2527"]
[Annotator "Golod,V"]
[PlyCount "69"]
[EventDate "2002.06.12"]
[EventType "swiss"]
[EventRounds "13"]
[EventCountry "GEO"]
[SourceTitle "CBM 090"]
[Source "ChessBase"]
[SourceDate "2002.09.20"]
[SourceVersion "1"]
[SourceVersionDate "2002.09.20"]
[SourceQuality "1"]

1. c4 Nf6 2. Nc3 e6 3. d4 Bb4 4. Qc2 c5 5. dxc5 O-O 6. a3 Bxc5 7. Nf3 Nc6 8.
Bf4 (8. Bg5 $5 {It's main line.You can see comments to Zaja,I-Hulak,K/Zagreb,
2000/CBM 76(1-0)(Golod,V)(53)}) 8... b6 9. e3 Bb7 10. Be2 Be7 11. Rd1 Rc8 12.
O-O ({A little prematurely:} 12. Nb5 d5 13. Qb1 a6 14. Nc3 Na5 15. cxd5 exd5
16. Be5 Nc4 17. Bd4 b5 18. O-O Qa5 19. Bd3 g6 $11 {Gurevich,M-Macieja,B/Batumi,
2002(1/2-1/2)(26)}) 12... Na5 13. b3 $5 {Besides,white has two principales
moves:} (13. Nb5 $5 {See comments to Maksimenko,A-Ovsejevitsch,S/Nikolaev,1993/
CBM 35 (1-0)(Belov)(35)}) ({and} 13. Ne5 {See comments to Lalic,B-Motwani,P/
Hastings,1996/CBM 57(1/2-1/2)(Alterman,B)(24)}) 13... d5 $6 $146 {Rather
doubtful decision,in positional sense.Were checked in the preceding games:} (
13... a6 $5 14. Qb2 d6 15. Nd2 Nc6 (15... Qc7 $5 16. Rc1 Qb8 17. e4 Nc6 18. Be3
Ba8 $11 {Pogorelov,R-Wahls,M/Zaragoza,1996(1/2-1/2)(34)}) 16. Bg3 Qc7 17. b4
Ne5 18. Rc1 Qb8 19. Rfd1 Rfd8 20. e4 Qa8 21. Na4 Ned7 22. Qd4 $11 {Gershon,
A-Zvjaginsev,V/Linares,2001(1/2-1/2)(31)}) (13... Bxa3 $6 14. Nb5 {[%csl Ra3,
Ra7]}) 14. Qb2 $14 {Now black receives a isolated pawn.} Qe8 ({On:} 14... Nh5
$6 15. Be5 $140 f6 $6 {white has a very strong objection:} 16. Nd4 $1 {[%csl
Rh5]} fxe5 17. Nxe6 Qe8 {[%csl Ye8,Rh5][%cal Ye8h5]} 18. Nxf8 Bxf8 19. Nxd5 Nf6
20. Bf3 {+/=/+/-}) 15. cxd5 Nxd5 ({Very weakly:} 15... Bxa3 {because of:} 16.
Qxa3 Rxc3 17. Qa1 $1 {[%csl Rf8][%cal Gf4d6]} Rxb3 $140 18. Be5 $1 (18. Nd4 $2
Nxd5 (18... Rb4 $2 19. Bd6 {[%csl Rb4,Rf8]}) 19. Bd6 (19. Nxb3 $6 Nxb3 20. Qxa7
Qc6 {[%csl Ra7][%cal Gf8a8]} 21. Ba6 Ba8 $44 {[%csl Ga8,Gc6,Rg2]}) 19... Nc3
20. Rd2 Nxe2+ 21. Rxe2 Ba6 $13) 18... Bxd5 19. Bxf6 gxf6 20. Qxf6 $16 {->} Qd8
$2 21. Qxd8 Rxd8 22. e4 $18 {[%csl Rd8]}) 16. Bb5 $1 {The important
intermediate move!} Qd8 $6 ({It was much better:} 16... Bc6 17. Bxc6 (17. Nxd5
$2 Bxb5 (17... exd5 $2 18. Ba6 Rd8 19. Be5 f6 20. Bc7 Rd7 21. Bf4 {+/=/+/-})
18. Nxe7+ Qxe7 19. Bd6 Qf6 $8 20. Qxf6 gxf6 21. Bxf8 Bxf1 22. Kxf1 Kxf8 $11)
17... Qxc6 18. Nxd5 exd5 19. Rc1 (19. Be5 $6 f6 $140 20. Nd4 Qc3 21. Qxc3 Rxc3
22. Nf5 fxe5 23. Nxe7+ Kf7 24. Nxd5 Rxb3 $11) 19... Qe6 20. Be5 f6 21. Bg3 $14)
17. Nxd5 exd5 (17... Bxd5 $4 {is refuted by:} 18. e4 {[%csl Rd5,Rd8]}) 18. Be5
$1 {[%mdl 32] It is important to cause easing of king side the contender.} f6
19. Bg3 {[%csl Re6][%cal Gf3d4,Gd4e6]} Bd6 20. Nd4 Bxg3 21. hxg3 Qe7 (21... Qd6
$5 {[%cal Ga5c6]}) 22. Rc1 Qe5 $6 ({Can be recommended:} 22... Rc5 $5 23. Bd3 (
23. b4 $143 Rxc1 24. Rxc1 Nc4 $1 25. Bxc4 $140 dxc4 26. Rxc4 Qe4 {[%csl Gb7,
Ge4,Rg2]}) 23... Rfc8 (23... Nc6 $2 24. Rxc5 bxc5 25. Nxc6 Bxc6 26. Qc2 {
[%csl Rc6,Rg8][%cal Gb3b4,Gd3c4]}) 24. Bf5 Rxc1 25. Rxc1 Rxc1+ 26. Qxc1 g6 $14)
23. Qe2 {[%cal Gb5a6]} Rxc1 ({Can it was necessary to give back a pawn "d5":} 
23... Rc5 24. b4 Rxc1 25. Rxc1 Nc4 26. Bxc4 dxc4 27. Qxc4+ Bd5 {+/=/+/-}) 24.
Rxc1 $16 Rc8 $6 {After exchange of rooks,black be not capable to protect of
all weakness.} (24... Bc8 $142) 25. Rxc8+ $1 Bxc8 26. b4 Nb7 $8 27. Qc2 Qb8 (
27... Nd6 $143 28. Qc7 $18) 28. Bd3 {[%csl Rg8]} g6 (28... h6 $142 29. Qc6 {
[%csl Rc8,Rd5,Rg8]}) {[%tqu "En","White here can win immediately.How?","","",
"d3g6","",10,"c2c6","",0]} 29. Bxg6 $1 {[%mdl 64]} ({Also good enough:} 29. Qc6
$5 {[%csl Rd5]}) 29... hxg6 30. Qxg6+ Kf8 ({Also loses right away:} 30... Kh8
31. Qe8+ Kh7 (31... Kg7 32. Nf5+) 32. Nc6 Qc7 33. Ne7 {[%csl Rh7][%cal Ge8g8,
Ge8g6]}) 31. Qxf6+ Ke8 (31... Kg8 32. Nc6 {[%cal Gc6e7]} Qd6 33. Ne7+ Kh7 34.
Qf7+ Kh6 (34... Kh8 35. Qg8#) 35. Ng8+ Kg5 36. f4+ Kg4 37. Qg7+ Kf5 (37... Kh5
38. Qg5#) 38. g4+ Ke4 39. Qd4#) 32. Qh8+ Kd7 (32... Kf7 $142 33. Nf5 (33. Nc6
$5) 33... Ke6 34. g4 $18 {[%csl Re6]}) 33. Qg7+ Ke8 (33... Kd6 $144 34. Qf7 {
[%csl Rb8,Rd6][%cal Gf7f4]} Qa8 35. Nb5+ Ke5 (35... Kc6 36. Qe8+ Bd7 37. Nd4+ {
[%csl Ra8]}) 36. Nc7 Qb8 $140 37. Qf4#) 34. Qg8+ Kd7 35. Qf7+ {[%csl Rb8,Rd7,
Gf7][%cal Gf7f4,Gd4c6]} 1-0

[Event "Hastings 0203 78th"]
[Site "Hastings"]
[Date "2003.01.01"]
[Round "5"]
[White "Sasikiran, Krishnan"]
[Black "Barsov, Alexei"]
[Result "1/2-1/2"]
[WhiteElo "2670"]
[BlackElo "2525"]
[Annotator "Golod,V"]
[PlyCount "54"]
[EventDate "2002.12.28"]
[EventType "tourn"]
[EventRounds "9"]
[EventCountry "ENG"]
[EventCategory "12"]
[SourceTitle "CBM 093"]
[Source "ChessBase"]
[SourceDate "2003.04.01"]
[SourceVersion "1"]
[SourceVersionDate "2003.04.01"]
[SourceQuality "1"]

1. d4 Nf6 2. c4 e6 3. Nc3 Bb4 4. Qc2 c5 5. dxc5 O-O 6. a3 Bxc5 7. Nf3 b6 8. Bf4
Nh5 9. Bg3 $5 {Besides black has two options: 9.Bg5!? and 9.Bd2!?} Bb7 ({
Is a possible continuation of the play:} 9... f5 {See comments to games: Ionov,
S-Janssen,R/Wijk aan Zee,1999/CBM 69 (1-0)(Golod,V)(34) and Karpov,A-Gelfand,B/
Monaco,2000/CBM 76(0-1)(Golod,V)(53)}) 10. e3 Be7 $5 {[%mdl 4]} (10... Bxf3 {
You can see comments to games: Agrest,E-Onischuk,A/New Delhi,2000/CBM 80(0-1)
(Golod,V)(38) and Gurevich,M-Rogozenko,D/Moscow,2001/CBM 86(1-0)(Golod,V)(44)})
11. Rd1 h6 ({Pretty dubiously:} 11... Nxg3 $6 12. hxg3 h6 13. g4 d6 14. Ne4 d5
15. Nc3 Bf6 16. Rh5 Nd7 17. g5 $36 {Nielsen,P-Van Wely,L/Panormo,2002(1-0)(24)}
) 12. Be2 (12. Bd3 $143 Nc6 13. Bh7+ Kh8 14. Be4 Qc8 15. O-O Na5 16. Bxb7 Qxb7
17. Qa4 Nf6 18. Nb5 Ne4 19. Nd6 Bxd6 20. Bxd6 Rfc8 21. Bb4 Nc6 22. Bd6 {
1/2-1/2 Sokolov,I-Zvjaginsev,V/Poikovsky,2002(22)}) 12... Nc6 ({Is not
necessary to spend tempo on:} 12... a6 13. Rd2 Nxg3 14. hxg3 d6 15. Ne4 Bxe4
16. Qxe4 Nd7 17. Nd4 d5 18. cxd5 Nf6 19. Qd3 Nxd5 20. e4 $14 {Gershon,
A-Macieja,B/Bermuda,2003(1-0)(62)}) 13. Rd2 $146 {The idea of white is simple:
Qd1(קd7),but on the other hand a lot of time is spent for it.} ({Were checked
in the preceding game:} 13. O-O Nxg3 14. hxg3 d6 15. Rd2 Qb8 16. Rfd1 Rd8 17.
b4 a6 18. Bd3 Qa7 $11 {Gurevich,M-Marin,M/Batumi,2002(1-0)(80)}) 13... Rc8 14.
Qd1 Nxg3 15. hxg3 (15. Rxd7 $4 Nxh1 16. Rxd8 Rfxd8 $19) 15... Nb8 (15... d6 $2
16. Nb5 {[%csl Rd6]}) ({Whether has sense to sacrifice the pawn?} 15... Qc7 16.
Rxd7 Qb8 $44 {[%cal Gf8d8]}) 16. Nb5 {[%csl Rd6][%cal Gb5d6]} a6 17. Nd6 Bxd6
18. Rxd6 Qc7 {[%csl Rd6][%cal Gb7d5]} 19. Rd4 {Differently rook will be caught.
} Rfd8 ({Leads to tactical complications:} 19... d5 $5 20. Rg4 Rfd8 21. Rxh6 f5
22. Rg5 dxc4 $13) 20. Rg4 Bxf3 (20... d5 $5 21. Rxh6 {transfers to 19...d5!?})
21. gxf3 ({Senselessly:} 21. Bxf3 {in view of:} Nc6 {[%cal Gc6e5]}) 21... Nc6 (
{Badly:} 21... Kf8 {because of:} 22. Qd4 $36 f6 $140 $2 (22... e5 23. Qd3 $16 {
[%cal Gd3h7]}) 23. Rxh6 $1 {[%csl Rf8]}) 22. Rxh6 Ne5 23. Rg5 d5 $6 {[%csl Rd1,
Re1]} ({In my opinion,it was better:} 23... d6 $5 {[%csl Rc4,Rg5,Rh6][%cal
Gf7f6,Gc7e7]} 24. Qd4 $140 {[%tqu "En","?Please enter the best move for black.
","It is necessary to use a weakness of the black king!","","c7c4","",10]} Qxc4
$1 25. Bxc4 (25. Rxg7+ $4 Kxg7 26. Bxc4 Rxc4 27. Qxb6 Rc1+ 28. Ke2 Rdc8 $19 {
[%csl Re2,Rh6][%cal Gc8c2]}) 25... Nxf3+ 26. Kd1 Nxd4 27. Bxa6 Nf3 $11) 24. Qc2
g6 25. Rhh5 $6 ({It deserves attention:} 25. Qc3 Kg7 $140 26. Rhxg6+ $1 (26.
Rh4 $2 f6 {[%csl Rg5]}) 26... fxg6 27. Rxe5 Kf7 28. Qd4 $40 {[%csl Rf7]}) (25.
f4 $143 Kg7 $140 26. Rgh5 Nxc4 (26... gxh5 $143 27. Qh7+ Kf8 28. Qh8+ Ke7 29.
Qf6+ Kd7 30. fxe5 $14) 27. Rh7+ Kf8 28. R5h6 {[%csl Rc7][%cal Gh6g6]} Nd6 $11)
25... Kg7 {Besides black has two principales moves:} (25... Nxc4 $2 {is
refuted by:} 26. Rxg6+ $1 Kf8 (26... fxg6 $2 27. Qxg6+ Qg7 $8 (27... Kf8 28.
Qf6+ Ke8 29. Qxe6+ Kf8 30. Qf6+ Ke8 31. Rh8+ Kd7 32. Rh7+ Ke8 33. Qh8#) 28.
Qxe6+ Qf7 (28... Kf8 $2 29. Rf5+) 29. Rh8+ Kxh8 30. Qxf7 $18) 27. Rgh6 $16) ({
and} 25... dxc4 $5 {[%cal Ge5d3]} 26. Rxe5 (26. Qc3 $143 f6 27. Rxe5 fxe5 28.
Rxe5 Rd6 29. Rg5 Qf7 $15) 26... gxh5 27. Rxh5 Kf8 28. Qc3 $44) 26. f4 $6 {
Position very complex and it is no wonder that the contenders frequently are
mistaken.} (26. Qc3 $142 f6 $140 27. Rxe5 fxe5 28. Rxe5 Kf7) (26. Rxe5 $6 gxh5
27. Rxh5 dxc4 $15) 26... Nxc4 27. Qc3+ d4 ({Probably,Alexei Barsov had the
right to continue the game:} 27... d4 28. exd4 (28. Qxc4 $2 Qxc4 29. Bxc4 Rxc4
$19 {[%csl Gc4,Gd8,Re1]}) 28... f6 29. Rg4 Nd6 {[%cal Yd6f5]} 30. Qxc7+ Rxc7
31. Rh3 Nf5 $15 {[%csl Rd4][%cal Gc7c2]}) 1/2-1/2

[Event "EU-Cup 18th"]
[Site "Kallithea"]
[Date "2002.09.26"]
[Round "5.1"]
[White "Van Wely, Loek"]
[Black "Kiik, Kalle"]
[Result "1-0"]
[WhiteElo "2645"]
[BlackElo "2450"]
[Annotator "Golod,V"]
[PlyCount "101"]
[EventDate "2002.09.22"]
[EventType "team-swiss"]
[EventRounds "7"]
[EventCountry "GRE"]
[SourceTitle "CBM 092"]
[Source "ChessBase"]
[SourceDate "2003.02.06"]
[SourceVersion "1"]
[SourceVersionDate "2003.02.06"]
[SourceQuality "1"]
[WhiteTeam "Clichy Echecs 92"]
[BlackTeam "Joensuu"]
[WhiteTeamCountry "FRA"]
[BlackTeamCountry "FIN"]

1. d4 Nf6 2. c4 e6 3. Nc3 Bb4 4. Qc2 c5 5. dxc5 O-O 6. a3 Bxc5 7. Nf3 b6 8. Bg5
Bb7 9. e3 h6 10. Bh4 Be7 11. Be2 $5 ({More seldom in this position was met:} 
11. Rd1 $5 {You can see comments to Shipov,S-Ivanchuk,V/Las Vegas,1999/CBM 72
(0-1)(Golod,V)(31)}) 11... d6 ({Also it was repeatedly checked on practice:} 
11... d5) (11... Nh5) ({and} 11... Nc6) 12. O-O Nbd7 13. Rfd1 {It is the most
logical setting of white's rooks in that position.} a6 14. Bg3 {White are
moving a bishop on "g3",at the same time attacking Pd6 and in consequence of
this black don't have enough time to perform:Nh5.} Nc5 $6 {Most probably it is
loss of the tempo.Soon the knight will have to come back on point "d7".} (14...
Qc7 $5 15. Qd2 e5 16. Rac1 Nc5 17. Qc2 Nce4 18. Nd2 Nxc3 19. Qxc3 Rac8 $11 {
Knaak,R-Liebert,H/Leipzig,1973(1/2-1/2)(46)}) 15. Nd2 {[%csl Yc3,Yd2] ><e4} Rc8
$146 ({I don't think,that it could be better:} 15... e5 16. b4 $140 Ne6 17. Nb3
Qc7 18. Rac1 $14 {Kaabi,M-Priehoda,V/Budapest,1996(1/2-1/2)(28)}) 16. Rac1 Re8
17. h3 Ncd7 ({Also,after:} 17... d5 {white save a clear positional advantage:}
18. b4 Ncd7 19. Qb2 $14) 18. b4 Bf8 ({I recommend:} 18... Qc7 19. Nde4 $140 $6
Nxe4 20. Nxe4 Qc6 {[%csl Rg2]} 21. Bf3 d5 $132) 19. Qb1 $14 {White make
threates: Nde4(קd6)and it is not clear how black can protected themselves
from this threat by not doing positional concession.} Qc7 20. Nde4 Nxe4 21.
Nxe4 Bxe4 (21... e5 $143 22. Qd3) (21... Ne5 $2 22. c5 {it is bad for black in
all variants.}) 22. Qxe4 {+/=/+/- Now the white has not only advantage in
space,but advantage of two bishops.} a5 23. Qd4 {[%csl Rd6]} e5 {White
achieves a big positional concession - weakness ><d5 and /^a8-h1,but otherwise
Pd6 was lost.} ({Again badly:} 23... Ne5 {because of:} 24. bxa5 bxa5 25. c5 $18
{[%csl Gc5,Yd6,Re5,Gg3]}) 24. Qd2 axb4 25. axb4 Ra8 26. Bf3 Ra4 27. Rc2 Nf6 28.
Bh4 g5 {Black protects from threat:Bxf6 with help of the new weakening (><f5;/
^b1-h7).} 29. Bg3 Qc8 30. Ra2 {<->a} Rxa2 31. Qxa2 h5 32. b5 $1 {/\Bc6 Now
black can not usefully use the weak point "c5".} h4 33. Bh2 Qc5 34. Bc6 Rc8 35.
Qc2 {גb1-h7;><f5} Rxc6 {Black decides to sacrifice a quality not from a good
life.} (35... Bg7 $143 36. Qf5 Rf8 37. g4 {[%csl Rg5,Rh4]} hxg3 38. Bxg3 {
+/-/+-}) 36. bxc6 Qxc6 37. Qf5 $16 Nh7 38. Qd3 Nf6 {The same position was
repeated,but the white's queen already on point "d3".} 39. Kh1 {Loek Wely is
planning to transfer his Bh2 through field ''g1'' on /^g1-a7.} Be7 40. Re1 Ne4
41. Bg1 Kg7 42. Kh2 {/\f3,e4} Nc5 43. Qb1 e4 {Otherwise white might play
''e4''.} 44. Rd1 Nd3 45. Qb3 Bf6 46. Kh1 {Now bishop is ready to come back on /
^h2-b8.} Be5 47. Rb1 Qa8 48. Bh2 {For exchanging of bishops-Pf2 can be given
off.} Nxf2+ 49. Kg1 Nd3 (49... Bxh2+ $143 50. Kxh2 Qa5 51. Qb2+ {[%csl Rf2,Rg7]
} Qe5+ $8 52. Qxe5+ dxe5 53. Rxb6 Nd3 54. Rb5 $16) 50. Bxe5+ dxe5 $2 {Fatal
mistake.} ({More stubborn resistance after:} 50... Nxe5 51. Qxb6 Qa2 $16) 51.
Qxb6 $18 {[%csl Gc4,Rg7][%cal Gb1f1] Further resistance is impossible.} 1-0